| 000 | 00503nam a22001457a 4500 | ||
|---|---|---|---|
| 005 | 20150902110454.0 | ||
| 008 | 150902b xxu||||| |||| 00| 0 eng d | ||
| 040 | _cPK-LaUMT | ||
| 082 |
_aKHC 954.92 _bJIL-P |
||
| 100 | _aجیلانی، ایس جی | ||
| 245 |
_aپندرہ گورنر پندرہ کہانیاں _bمشرقی پاکستان کی ان کہی داستان _cایس جی جیلانی |
||
| 260 |
_aلاہور _bفرنٹیر پوسٹ پبلیکشینز _c1993 |
||
| 300 | _a192 ص | ||
| 942 | _cBK | ||
| 999 |
_c75371 _d75371 |
||